000 00336nam a2200145Ia 4500
003 OSt
005 20231218111013.0
008 170524s9999 xx 000 0 und d
020 _a9788174453761
040 _cIIMT UNIVERSITY
100 _aSINGH- MANOJ KUMAR
245 0 _aMAKING OF NEWS
260 _bMOHIT: NEW DELHI
942 _2ddc
_c01
999 _c9035
_d9035